Koncepční rámec mezinárodních účetních standardů pro přípravu a předkládaní účetní závěrky
Obsah koncepčného rámca medzinárodných účtovníckych štandardov. Účel účtovnej závierky. Kvalitatívne vlastnosti, ktoré má mať účtovná závierka. Základné položky a podmienky ich zobrazenia. Oceňovanie základných položiek. Obsah a vymedzenie vlastného kapitálu. Využitie koncepčného rámca pre účtovnú l...
Salvato in:
| Autore principale: | |
|---|---|
| Altri autori: | |
| Natura: | Capitolo di libro |
| Lingua: | ceco |
| Soggetti: | |
| Tags: |
Nessun Tag, puoi essere il primo ad aggiungerne!!
|
MARC
| LEADER | 00000naa a2200000 4500 | ||
|---|---|---|---|
| 001 | r023610 | ||
| 005 | 20240411081200.0 | ||
| 041 | 0 | |a cze | |
| 044 | |a CZ | ||
| 245 | 1 | 0 | |a Koncepční rámec mezinárodních účetních standardů pro přípravu a předkládaní účetní závěrky |c Bohumil Král, Stanislav Svoboda |
| 520 | |a Obsah koncepčného rámca medzinárodných účtovníckych štandardov. Účel účtovnej závierky. Kvalitatívne vlastnosti, ktoré má mať účtovná závierka. Základné položky a podmienky ich zobrazenia. Oceňovanie základných položiek. Obsah a vymedzenie vlastného kapitálu. Využitie koncepčného rámca pre účtovnú legislatívu Českej republiky. | ||
| 610 | 2 | 0 | |a účtovníctvo medzinárodné |
| 610 | 2 | 0 | |a štandardizácia |
| 610 | 2 | 0 | |a závierka účtovná |
| 610 | 2 | 0 | |a oceňovanie |
| 610 | 2 | 0 | |a kapitál vlastný |
| 610 | 2 | 0 | |a Česko |
| 100 | 1 | |a Král, Bohumil | |
| 700 | 1 | |a Svoboda, Stanislav | |